Income distribution, employment and economic development in Southeast and East Asia : papers and proceedings of the Seminar sponsored jointly by the Japan Economic Research Center and the Council for Asian Manpower Studies, December 16-20, 1974: (with contribution from the ILO World Employment Programme); Vol.2

Đã lưu trong:
书目详细资料
格式: 图书
语言:Undetermined
出版: Tokyo Japan Economic Research Center 1975
主题:
标签: 添加标签
没有标签, 成为第一个标记此记录!
Thư viện lưu trữ: Trung tâm Học liệu Trường Đại học Cần Thơ
LEADER 00794nam a2200181Ia 4500
001 CTU_93486
008 210402s9999 xx 000 0 und d
082 |a 339.2 
082 |b I.37/Vol.2 
245 0 |a Income distribution, employment and economic development in Southeast and East Asia : 
245 0 |b papers and proceedings of the Seminar sponsored jointly by the Japan Economic Research Center and the Council for Asian Manpower Studies, December 16-20, 1974: (with contribution from the ILO World Employment Programme); Vol.2 
260 |a Tokyo 
260 |b Japan Economic Research Center 
260 |c 1975 
650 |a Income distribution,Employment 
650 |z Asia, southeastern,Asia, southeastern 
904 |i Bằng 
980 |a Trung tâm Học liệu Trường Đại học Cần Thơ